• 首页
  • 本馆介绍
  • 公告通知
  • 最新文献
  • 馆藏检索
  • 电子资源
  • 读者导购
  • 参考咨询
  • 我的图书馆
  • 登录
  • 详细信息显示
  • 放入我的书架
  • 预约/预借图书
  • 作者相关作品
  • 分类相关作品
  • 丛书相关作品
  • 出版社相关作品

书目信息

  • 表格格式
  • 工作单格式
  • 卡片格式
题名:
唐五代两宋词简析
    
 
作者: 刘永济 选释
分册:  
出版信息: 上海   上海古籍出版社  1981
页数: 120页
开本: 21cm
丛书名:
单 册:
中图分类: I222.84 , I207.2
科图分类:
主题词: 词(文学)--中国--唐代--选集 , 五代词--中国 , 文学--中国
电子资源:
ISBN:
000 00702nam0 2200265 45
001 1575942570
005 20150123210719.26
010    @dCNY0.46
091    @aCN@b10186.163
100    @a19950128d1981 em y0chiy0121 ea
101 0  @achi
102    @aCN@b310000
105    @ay z 000gy
200 10 @a唐五代两宋词简析@Atang wu dai liang song ci jian xi@f刘永济选释
210    @a上海@c上海古籍出版社@d1981
215    @a120页@d21cm
606    @a词(文学)@y中国@z唐代@x选集
606    @a五代词@y中国
606 0  @a文学@x中国
690    @aI222.84@v3
690    @aI207.2@v4
701  0 @a刘永济@Aliu yong ji@4选释
801  0 @aCN@bTSSF@c20150123
801  2 @aCN@bNLC
905    @aZUCC@dI207.2@eJY75
    
    唐五代两宋词简析/刘永济选释.-上海:上海古籍出版社,1981
    120页;21cm
    
    
    ISBN :CNY0.46
    
●
相关链接 在E读中查询图书 在五车中查询图书 在当当中查询图书 在豆瓣中查询图书


正题名:唐五代两宋词简析     索取号:I207.2/JY75         预约/预借

序号 登录号 条形码 馆藏地/架位号 状态 备注
1 7842121   278421218   学院路分馆/ [索取号:I207.2/JY75] 在馆    
2 7842122   278421227   学院路分馆/ [索取号:I207.2/JY75] 在馆    
唐山师范学院图书馆 欢迎您!
大连网信软件有限公司© 版权所有